[Event "COL-ch U20 Girls"]
[Site "Medellin"]
[Date "2019.03.15"]
[Round "4"]
[White "Ramirez, Mariana"]
[Black "Cabrera Novoa, Roxana"]
[Result "1-0"]
[WhiteElo "1600"]
[BlackElo "1020"]
[PlyCount "25"]
[EventDate "2019.03.13"]
[EventType "swiss"]
[EventRounds "7"]
[EventCountry "COL"]
[SourceTitle "CBM 189 Extra"]
[Source "ChessBase"]
[SourceDate "2019.06.03"]
[SourceVersion "1"]
[SourceVersionDate "2019.06.03"]
[SourceQuality "1"]

1. e4 e5 2. Nf3 Nf6 3. d4 Nxe4 4. Bd3 d5 5. Nxe5 Bd6 6. 0-0 0-0 7. c4 Re8 8. f4 Nf6 9. Nc3 dxc4 10. Bxc4 Be6 11. Bxe6 Rxe6 12. Qb3 b6 13. Nxf7 1-0

[Event "COL-ch U20 Girls"]
[Site "Medellin"]
[Date "2019.03.14"]
[Round "3"]
[White "Rosado Perez, Maria Jose"]
[Black "Ramirez, Mariana"]
[Result "1-0"]
[WhiteElo "1836"]
[BlackElo "1600"]
[PlyCount "74"]
[EventDate "2019.03.13"]
[EventType "swiss"]
[EventRounds "7"]
[EventCountry "COL"]
[SourceTitle "CBM 189 Extra"]
[Source "ChessBase"]
[SourceDate "2019.06.03"]
[SourceVersion "1"]
[SourceVersionDate "2019.06.03"]
[SourceQuality "1"]

1. e4 c5 2. Nf3 Nc6 3. d4 cxd4 4. Nxd4 e5 5. Nb3 Nf6 6. f3 d5 7. exd5 Nxd5 8. Be2 Bf5 9. a3 Be7 10. c4 Nf4 11. Qxd8+ Rxd8 12. Bxf4 exf4 13. Nc3 Bc2 14. Nc1 Bh4+ 15. Kf1 0-0 16. Nd5 Bg5 17. h4 Bh6 18. Bd3 Nd4 19. Kf2 Rfe8 20. b4 Bxd3 21. Nxd3 Re2+ 22. Kg1 Rd2 23. Nc5 Re8 24. Ne4 Rc2 25. Rd1 Ne2+ 26. Kh2 Kf8 27. Rhe1 f5 28. Nd6 Re6 29. Nxf5 g5 30. Nc7 Rg6 31. Rd8+ Kf7 32. Rd7+ Kf6 33. Nxh6 Rxh6 34. Rd6+ Kg7 35. Ne8+ Kf7 36. Rxh6 Kxe8 37. Re6+ Kd7 1-0

[Event "Medellin Aristizabal Cup"]
[Site "Medellin"]
[Date "2019.01.26"]
[Round "7"]
[White "Paniagua, Fabio de Jesus"]
[Black "Ramirez, Mariana"]
[Result "1-0"]
[WhiteElo "1776"]
[BlackElo "1585"]
[PlyCount "61"]
[EventDate "2019.01.24"]
[EventType "swiss"]
[EventRounds "7"]
[EventCountry "COL"]
[SourceTitle "EXT 2020"]
[Source "ChessBase"]
[SourceDate "2019.10.17"]
[SourceVersion "1"]
[SourceVersionDate "2019.10.17"]
[SourceQuality "1"]

1. e4 c5 2. Nf3 Nc6 3. d4 cxd4 4. Nxd4 e5 5. Nb5 a6 6. Nd6+ Bxd6 7. Qxd6 Qf6 8. Qc7 Nge7 9. Nc3 Nb4 10. Bd3 d5 11. 0-0 Nxd3 12. cxd3 dxe4 13. dxe4 0-0 14. Be3 Be6 15. f4 Rac8 16. Qxe5 Qxe5 17. fxe5 Ng6 18. Bd4 Rfd8 19. Rad1 Bg4 20. Rd2 Rc4 21. Nd5 Be6 22. b3 Rcc8 23. Bb2 h6 24. h3 Kf8 25. Rfd1 Rc5 26. Ba3 Rdc8 27. Nb6 Ke8 28. Nxc8 Rxc8 29. Bd6 Rc3 30. Bb4 Rc8 31. Kh2 1-0

[Event "COL-ch (Women)"]
[Site "Bogota"]
[Date "2018.11.07"]
[Round "3"]
[White "Ramirez, Mariana"]
[Black "Gomez Guardo, Laura Melissa"]
[Result "1-0"]
[WhiteElo "1609"]
[BlackElo "1842"]
[PlyCount "63"]
[EventDate "2018.11.06"]
[EventType "swiss"]
[EventRounds "9"]
[EventCountry "COL"]
[SourceTitle "CBM 187 Extra"]
[Source "ChessBase"]
[SourceDate "2018.11.04"]
[SourceVersion "1"]
[SourceVersionDate "2018.11.04"]
[SourceQuality "1"]

1. e4 g6 2. d4 d6 3. Nf3 c6 4. Bd3 Bg7 5. c3 Qc7 6. Bf4 Bg4 7. Nbd2 Nd7 8. h3 Bxf3 9. Nxf3 e5 10. dxe5 dxe5 11. Be3 Ne7 12. Qb3 h6 13. Bc4 0-0 14. 0-0 b5 15. Bd3 Nc8 16. a4 Nd6 17. axb5 cxb5 18. Nd2 a6 19. Rfc1 Nc5 20. Qd5 Ndb7 21. Bc2 Rfd8 22. Qa2 Qc6 23. b4 Nd3 24. Bxd3 Rxd3 25. c4 bxc4 26. Rxc4 Qd7 27. Rac1 Nd6 28. Rc7 Qb5 29. R1c6 Kh7 30. Bc5 Rd8 31. Bxd6 Qb8 32. Bxe5 1-0

[Event "Medellin Aristizabal Cup"]
[Site "Medellin"]
[Date "2018.07.05"]
[Round "2"]
[White "Martinez, Mauricio"]
[Black "Ramirez, Mariana"]
[Result "1-0"]
[WhiteElo "1947"]
[BlackElo "1619"]
[PlyCount "81"]
[EventDate "2018.07.04"]
[EventType "swiss"]
[EventRounds "7"]
[EventCountry "COL"]
[SourceTitle "CBM 185 Extra"]
[Source "ChessBase"]
[SourceDate "2018.07.29"]
[SourceVersion "1"]
[SourceVersionDate "2018.07.29"]
[SourceQuality "1"]

1. e4 e6 2. Qe2 Nc6 3. c3 Be7 4. d4 d6 5. Nf3 Nf6 6. h3 d5 7. Nbd2 dxe4 8. Nxe4 Nxe4 9. Qxe4 Qd5 10. Qe2 Bd7 11. g3 0-0 12. Bg2 a6 13. 0-0 Qf5 14. Ne5 Nxe5 15. dxe5 Rab8 16. Kh2 Bc6 17. Bxc6 bxc6 18. b3 Rfd8 19. Bb2 Qd3 20. Rfe1 Rd7 21. Qxd3 Rxd3 22. Rad1 Rbd8 23. Rxd3 Rxd3 24. Re2 a5 25. Rc2 Bc5 26. Kg2 Bb6 27. a3 Kf8 28. b4 a4 29. c4 Bd4 30. Bxd4 Rxd4 31. Rc3 Rd2 32. Kf3 Ke7 33. Ke3 Rd7 34. Rd3 f6 35. f4 Rxd3+ 36. Kxd3 fxe5 37. fxe5 Kd7 38. Kd4 h6 39. Kc5 g5 40. g4 Kc8 41. Kxc6 1-0

[Event "Antioquia op-B"]
[Site "Medellin"]
[Date "2017.04.30"]
[Round "5"]
[White "Londono, Diego"]
[Black "Ramirez, Mariana"]
[Result "1-0"]
[WhiteElo "1624"]
[BlackElo "1517"]
[PlyCount "109"]
[EventDate "2017.04.27"]
[EventType "swiss"]
[EventRounds "7"]
[EventCountry "COL"]
[SourceTitle "EXT 2019"]
[Source "ChessBase"]
[SourceDate "2018.10.10"]
[SourceVersion "1"]
[SourceVersionDate "2018.10.10"]
[SourceQuality "1"]

1. e4 e6 2. d4 d5 3. exd5 exd5 4. Bd3 Nc6 5. Nf3 Bg4 6. c3 Bd6 7. 0-0 Nge7 8. Re1 Qd7 9. Nbd2 0-0-0 10. b4 Rde8 11. a4 Bf5 12. Bb5 Ng6 13. Nf1 Rxe1 14. Nxe1 Nf4 15. Ng3 Bg6 16. a5 a6 17. Bf1 Na7 18. Bxf4 Bxf4 19. Nd3 Bd6 20. Nc5 Qc6 21. Be2 Bxc5 22. bxc5 Nb5 23. Qb3 Rd8 24. Bf3 Qd7 25. Re1 c6 26. Re3 Re8 27. Nf1 f5 28. h3 Kb8 29. Be2 f4 30. Bg4 Qd8 31. Rxe8 Qxe8 32. Qd1 h5 33. Bf3 Nxc3 34. Qd2 Nb5 35. Qxf4+ Kc8 36. Ne3 Qd8 37. Qe5 Qf6 38. Nxd5 Qxe5 39. Nb6+ Kc7 40. dxe5 Nd4 41. Bd1 Kd8 42. g3 Bf7 43. f4 g6 44. Kf2 Ke7 45. Nc8+ Kd7 46. Nd6 Be6 47. g4 h4 48. Nxb7 Bd5 49. Nd6 Be6 50. Ke3 Nb5 51. Bc2 Bxg4 52. hxg4 Nc3 53. Ne4 Nd5+ 54. Kf3 Ke6 55. Bb3 1-0

[Event "COL-ch U16 sf3 Girls"]
[Site "Pereira"]
[Date "2016.05.29"]
[Round "5.5"]
[White "Medina Barrios, Lina Maria"]
[Black "Ramirez, Mariana"]
[Result "0-1"]
[WhiteElo "1550"]
[BlackElo "1485"]
[PlyCount "90"]
[EventDate "2016.05.27"]
[EventType "swiss"]
[EventRounds "6"]
[EventCountry "COL"]
[SourceTitle "EXT 2024"]
[Source "ChessBase"]
[SourceDate "2023.10.10"]
[SourceVersion "1"]
[SourceVersionDate "2023.10.10"]
[SourceQuality "1"]

1. e4 e6 2. d4 d5 3. Bd3 dxe4 4. Bxe4 Nf6 5. Bf3 Be7 6. Ne2 0-0 7. 0-0 Nbd7 8. Nbc3 Nb6 9. Re1 Nfd5 10. Nxd5 exd5 11. Ng3 Bd6 12. b3 c6 13. Qd3 Be6 14. Nf5 Bc7 15. Ba3 Re8 16. Ne3 Nd7 17. c4 Nf6 18. Rac1 Rc8 19. cxd5 Nxd5 20. Nxd5 Bxd5 21. Rxe8+ Qxe8 22. Bxd5 cxd5 23. Qd2 Qd7 24. g3 h6 25. Re1 Re8 26. Qb4 Rxe1+ 27. Qxe1 Bb6 28. Qc3 Bd8 29. Kg2 b6 30. Qd3 f5 31. Qf3 g5 32. Qh5 Kg7 33. Qe2 g4 34. Qe5+ Bf6 35. Bf8+ Kf7 36. Qd6 Qxd6 37. Bxd6 Bxd4 38. Bf4 h5 39. Be3 Bc5 40. Kf1 Ke6 41. Ke2 Bb4 42. Bd4 Bd6 43. Ke3 Be5 44. a4 f4+ 45. gxf4 Bxd4+ 0-1

[Event "COL-ch U16 sf3 Girls"]
[Site "Pereira"]
[Date "2016.05.27"]
[Round "1.3"]
[White "Pinillo Canon, Silvana"]
[Black "Ramirez, Mariana"]
[Result "0-1"]
[WhiteElo "1624"]
[BlackElo "1485"]
[PlyCount "26"]
[EventDate "2016.05.27"]
[EventType "swiss"]
[EventRounds "6"]
[EventCountry "COL"]
[SourceTitle "EXT 2024"]
[Source "ChessBase"]
[SourceDate "2023.10.10"]
[SourceVersion "1"]
[SourceVersionDate "2023.10.10"]
[SourceQuality "1"]

1. e4 e6 2. d4 d5 3. e5 c5 4. c3 Qb6 5. Nf3 Nc6 6. Be2 cxd4 7. cxd4 Nge7 8. Nc3 Nf5 9. Be3 Nxe3 10. fxe3 Qxb2 11. Qc1 Ba3 12. 0-0 Qxc1 13. Raxc1 Bxc1 0-1

[Event "Medellin Aristizabal Cup"]
[Site "Medellin"]
[Date "2016.05.22"]
[Round "7"]
[White "Ramirez, Mariana"]
[Black "Perez Lujan, Mateo"]
[Result "0-1"]
[WhiteElo "1485"]
[BlackElo "1876"]
[PlyCount "114"]
[EventDate "2016.05.18"]
[EventType "swiss"]
[EventRounds "7"]
[EventCountry "COL"]
[SourceTitle "CBM 172 Extra"]
[Source "ChessBase"]
[SourceDate "2016.06.21"]
[SourceVersion "1"]
[SourceVersionDate "2016.06.21"]
[SourceQuality "1"]

1. e4 d5 2. exd5 Nf6 3. c4 c6 4. d4 cxd5 5. Nf3 Nc6 6. Nc3 e6 7. Bf4 a6 8. Be2 Bd6 9. Bg3 0-0 10. 0-0 dxc4 11. Bxc4 b5 12. Bb3 Bxg3 13. fxg3 Na5 14. Bc2 Nc4 15. Qc1 Bb7 16. Ne2 Nd5 17. Qg5 Qxg5 18. Nxg5 h6 19. Ne4 Nxb2 20. Rab1 Nc4 21. Nc5 Bc6 22. Rf2 Na3 23. Rb2 Ne3 24. Bb3 Nac4 25. Bxc4 bxc4 26. Rb6 Rab8 27. Rxb8 Rxb8 28. Nc3 a5 29. Re2 Nd5 30. Nxd5 Rb1+ 31. Kf2 Bxd5 32. Na4 Rd1 33. Ke3 Rd3+ 34. Kf2 Rxd4 35. Nc3 Rd3 36. Rc2 Kf8 37. Nb5 Ke7 38. Ke1 a4 39. Nc7 g5 40. g4 Kd6 41. Ne8+ Ke7 42. Nc7 Kd7 43. Nb5 Kc6 44. Nc3 a3 45. Nb1 f5 46. gxf5 exf5 47. g3 Kc5 48. Rf2 Be4 49. Nd2 Kd4 50. Ke2 c3 51. Nb3+ Kc4 52. Ke1 Re3+ 53. Kd1 c2+ 54. Kd2 Rxb3 55. axb3+ Kxb3 56. Rf1 a2 57. Rc1 Kb2 0-1

[Event "Medellin Aristizabal Cup"]
[Site "Medellin"]
[Date "2016.05.21"]
[Round "4"]
[White "Ramirez, Mariana"]
[Black "Agudelo, Carlos Daniel"]
[Result "0-1"]
[WhiteElo "1485"]
[BlackElo "1974"]
[PlyCount "72"]
[EventDate "2016.05.18"]
[EventType "swiss"]
[EventRounds "7"]
[EventCountry "COL"]
[SourceTitle "CBM 172 Extra"]
[Source "ChessBase"]
[SourceDate "2016.06.21"]
[SourceVersion "1"]
[SourceVersionDate "2016.06.21"]
[SourceQuality "1"]

1. e4 c5 2. c4 Nc6 3. Nf3 g6 4. d4 cxd4 5. Nxd4 Bg7 6. Be3 d6 7. Nc3 Nf6 8. f3 0-0 9. Be2 Nd7 10. b3 Nc5 11. 0-0 Bd7 12. Rc1 a5 13. Qd2 a4 14. Nxc6 Bxc6 15. b4 Ne6 16. b5 Bd7 17. Nd5 Nc5 18. Qb4 b6 19. Rfd1 Ra7 20. Bd4 Bxd4+ 21. Rxd4 Be6 22. Ne3 Qa8 23. Nd5 Bxd5 24. exd5 Qc8 25. Qd2 Qf5 26. g4 Qe5 27. f4 Qf6 28. Rf1 Kh8 29. f5 g5 30. h4 Rg8 31. hxg5 Rxg5 32. Rf2 a3 33. Bd1 Ra8 34. Qe3 Rag8 35. Rdd2 Qe5 36. Qh3 Ne4 0-1

[Event "Medellin Aristizabal Cup"]
[Site "Medellin"]
[Date "2016.05.21"]
[Round "5"]
[White "Ruiz Agudelo, Santiago"]
[Black "Ramirez, Mariana"]
[Result "1-0"]
[WhiteElo "1716"]
[BlackElo "1485"]
[PlyCount "51"]
[EventDate "2016.05.18"]
[EventType "swiss"]
[EventRounds "7"]
[EventCountry "COL"]
[SourceTitle "CBM 172 Extra"]
[Source "ChessBase"]
[SourceDate "2016.06.21"]
[SourceVersion "1"]
[SourceVersionDate "2016.06.21"]
[SourceQuality "1"]

1. e4 e6 2. d4 d5 3. Nc3 Nf6 4. e5 Nfd7 5. f4 c5 6. Nf3 Be7 7. Be3 Nc6 8. Qd2 b6 9. 0-0-0 Bb7 10. g4 a6 11. Ne2 Qc7 12. f5 cxd4 13. Nexd4 Nxd4 14. Nxd4 exf5 15. e6 fxe6 16. Nxe6 Qe5 17. gxf5 Bf6 18. Bd4 Qxf5 19. Bxf6 Qxf6 20. Nc7+ Kf7 21. Nxa8 Rxa8 22. Bh3 Ne5 23. Rhf1 Nf3 24. Rxf3 Qxf3 25. Rf1 Qxf1+ 26. Bxf1 1-0

[Event "Medellin Aristizabal Cup"]
[Site "Medellin"]
[Date "2016.05.20"]
[Round "3"]
[White "Giraldo Villa, Carlos Arturo"]
[Black "Ramirez, Mariana"]
[Result "0-1"]
[WhiteElo "1536"]
[BlackElo "1485"]
[PlyCount "42"]
[EventDate "2016.05.18"]
[EventType "swiss"]
[EventRounds "7"]
[EventCountry "COL"]
[SourceTitle "CBM 172 Extra"]
[Source "ChessBase"]
[SourceDate "2016.06.21"]
[SourceVersion "1"]
[SourceVersionDate "2016.06.21"]
[SourceQuality "1"]

1. e4 e6 2. d4 d5 3. Nc3 Nf6 4. e5 Nfd7 5. Nf3 c5 6. Be3 a6 7. a3 Qb6 8. Rb1 Nc6 9. Ne2 c4 10. c3 Na5 11. Nd2 Qc7 12. Ng3 b5 13. Be2 Nb6 14. 0-0 Bd7 15. f4 g6 16. Rf3 Be7 17. Bf2 f5 18. exf6 Bxf6 19. Qc2 0-0-0 20. b3 Rdg8 21. Be3 h5 0-1

[Event "COL-ch U16 sf1 Girls"]
[Site "Ibague"]
[Date "2016.04.16"]
[Round "4.6"]
[White "Medina Ortega, Natalia"]
[Black "Ramirez, Mariana"]
[Result "0-1"]
[WhiteElo "1360"]
[BlackElo "1511"]
[PlyCount "80"]
[EventDate "2016.04.14"]
[EventType "swiss"]
[EventRounds "6"]
[EventCountry "COL"]
[SourceTitle "EXT 2024"]
[Source "ChessBase"]
[SourceDate "2023.10.10"]
[SourceVersion "1"]
[SourceVersionDate "2023.10.10"]
[SourceQuality "1"]

1. d4 d5 2. Nf3 Nf6 3. Bf4 Bf5 4. e3 e6 5. Be2 Bd6 6. Ne5 h6 7. h3 Qe7 8. 0-0 Nbd7 9. c4 dxc4 10. Bxc4 Nb6 11. Nd2 0-0 12. Qf3 Nxc4 13. Ndxc4 Be4 14. Qe2 Nd5 15. Bxh6 Qh4 16. Bf4 Nxf4 17. exf4 Qxf4 18. Nxd6 cxd6 19. Nd3 Qf5 20. Rfd1 Rac8 21. f3 Bd5 22. Nb4 Bc4 23. Qe3 a5 24. Nd3 Ba6 25. Nf2 Rc2 26. d5 Re2 27. Qb3 e5 28. Re1 Rc2 29. Ne4 Rc7 30. Nxd6 Qd7 31. Ne4 Bc4 32. Qa3 Qxd5 33. Red1 Qb5 34. Nd6 Qb6+ 35. Kh2 Ba6 36. Ne4 Rc2 37. Qb3 Qc6 38. Nc3 Rf2 39. Qd5 Qxd5 40. Rxd5 Bf1 0-1

[Event "COL-ch U16 sf1 Girls"]
[Site "Ibague"]
[Date "2016.04.14"]
[Round "1.9"]
[White "Ramirez, Mariana"]
[Black "Medina, Salome"]
[Result "1-0"]
[WhiteElo "1511"]
[BlackElo "1362"]
[PlyCount "81"]
[EventDate "2016.04.14"]
[EventType "swiss"]
[EventRounds "6"]
[EventCountry "COL"]
[SourceTitle "EXT 2024"]
[Source "ChessBase"]
[SourceDate "2023.10.10"]
[SourceVersion "1"]
[SourceVersionDate "2023.10.10"]
[SourceQuality "1"]

1. e4 g6 2. d4 d6 3. Nc3 Bg7 4. Be3 Nf6 5. f3 0-0 6. Bc4 Nbd7 7. Qd2 Re8 8. Nge2 a6 9. 0-0 b5 10. Bb3 Bb7 11. Ng3 c5 12. a4 cxd4 13. Bxd4 b4 14. Nce2 a5 15. Rac1 Rc8 16. c3 e5 17. Be3 Nc5 18. Bd1 bxc3 19. Nxc3 Ba6 20. Nb5 Re6 21. Bxc5 Rxc5 22. Rxc5 Qb6 23. Rf2 Qxc5 24. Qxa5 d5 25. Qd2 Bxb5 26. axb5 Qxb5 27. Be2 Qc5 28. b4 Qd4 29. Qxd4 exd4 30. Bd3 dxe4 31. Nxe4 Nxe4 32. fxe4 Rf6 33. Ra2 Rb6 34. b5 Be5 35. g3 Kf8 36. Ra6 Bc7 37. Kf2 Ke7 38. Kf3 Ke6 39. Bc4+ Kf6 40. Ra7 Bb8 41. Rxf7+ 1-0

[Event "Manizales Castro Memorial"]
[Site "Manizales"]
[Date "2015.12.20"]
[Round "6"]
[White "Ramirez, Mariana"]
[Black "Blasco Camacho, Francesco"]
[Result "1-0"]
[WhiteElo "1422"]
[BlackElo "1690"]
[PlyCount "41"]
[EventDate "2015.12.17"]
[EventType "swiss"]
[EventRounds "7"]
[EventCountry "COL"]
[SourceTitle "CBM 170 Extra"]
[Source "ChessBase"]
[SourceDate "2016.02.25"]
[SourceVersion "1"]
[SourceVersionDate "2016.02.25"]
[SourceQuality "1"]

1. e4 e5 2. Nf3 Nc6 3. Bb5 a6 4. Ba4 d6 5. 0-0 Nf6 6. c3 Be7 7. Re1 0-0 8. d3 b5 9. Bb3 Na5 10. Bc2 c5 11. Nbd2 h6 12. Nf1 Nh7 13. h3 f5 14. exf5 Bxf5 15. Ng3 Bd7 16. d4 exd4 17. Qd3 Nf6 18. Bxh6 c4 19. Qg6 Rf7 20. Ng5 Be8 21. Nxf7 1-0